Practical guide to diagnostic parasitology (Record no. 393781)

MARC details
000 -LEADER
fixed length control field 00544 a2200205 4500
005 - DATE & TIME
control field 20260129110707.0
008 - FIXED-LENGTH DATA ELEMENTS--GENERAL INFORMATION
fixed length control field 260128b |||||||| |||| 00| 0 eng d
020 ## - ISBN
International Standard Book Number 9781683670391
Price $ 99.95
040 ## - CATALOGING SOURCE
Original cataloging agency VIVEKANANDA LIBRARY
082 ## - DDC NUMBER
Classification number 616.96
Book Number G165P(3)
100 ## - MAIN ENTRY--PERSONAL NAME
Personal name Garcia, Lynne S
245 ## - TITLE STATEMENT
Title Practical guide to diagnostic parasitology
250 ## - EDITION STATEMENT
Edition statement 3rd
260 ## - PUBLICATION, DISTRIBUTION, ETC. (IMPRINT)
Name of publisher, distributor, etc ASM Press
Date of publication, distribution, etc 2021
Place of publication, distribution, etc Washington DC
300 ## - PHYSICAL DESCRIPTION
Pages xxiii, 568
650 ## - Subject
Subject Parasitic Diseases
650 ## - Subject
Subject Diagnosis
650 ## - Subject
Subject Clinical Labarotory Techniques
942 ## - ADDED ENTRY ELEMENTS (KOHA)
Koha item type Books
Holdings
Withdrawn status Lost status Source of classification or shelving scheme Damaged status Not for loan Location (home branch) Sublocation or collection (holding branch) Shelving location Date acquired Koha issues (times borrowed) Koha full call number Accession No. Koha date last seen Koha item type
    Dewey Decimal Classification     VIVEKANANDA LIBRARY VIVEKANANDA LIBRARY Vivekananda Library 03/12/2025   616.96 G165P(3) 443504 03/12/2025 Books
© Designed and Maintained by Vivekananda Library, MDU Rohtak